Countries Where Religion is Most (and Least) Important - Statistics

General Stats
  • This quiz has been taken 4,087 times
  • The average score is 10 of 24
Answer Stats
"Religion Not Important" GDP/capita literacy homicides Country/Territory % Correct
75.5% $34,259 93.5% 0.2 Hong Kong
77%
73% $38,811 99% 1.2 United Kingdom
76%
83% $57,638 99% 1.0/100k Sweden
70%
75% $45,870 99% 0.4 Japan
68%
78% $97,607 100% 0.6 Norway
67%
70% $48,783 100% 2.2 Finland
63%
80.5% $59,709 99% 0.9 Denmark
60%
69.5% $44,007 100% 1.1 France
59%
67.5% $66,371 99% 1.0 Australia
54%
0% $399 29% 3.8/100k Niger
50%
1% $3,512 90% 8.1 Indonesia
42%
1.5% $156 38% 1.5 Somalia
35%
78% $16,568 99.8% 5.2 Estonia
33%
1.5% $217 67% 21.7 Congo
32%
0.5% $23,572 81% 0.7 Oman
31%
1% $3,084 56% 1.4 Morocco
30%
69.5% $1,374 94% 1.6 Vietnam
27%
0% $767 57% 2.7 Bangladesh
23%
74.5% $20,436 99% 1.7 Czech Republic
20%
1.5% $1,185 58% 14.7 Mauritania
20%
1.5% $2,880 91% 3.6 Sri Lanka
14%
1.5% $1,467 68% 3.4 Djibouti
12%
1.5% $347 75% 18 Malawi
9%
1.5% $486 35% 14.9 Sierra Leone
8%
No matching quizzes found
Score Distribution
Percent of People with Each Score
Percentile by Number Answered
Your Score History
You have not taken this quiz